[Event "SVK-ch U18/20"]
[Site "Tatralandia"]
[Date "2024.04.11"]
[Round "8"]
[White "Zatko, Slavomir"]
[Black "Sustek, Adam"]
[Result "0-1"]
[WhiteElo "1684"]
[BlackElo "1910"]
[PlyCount "42"]
[EventDate "2024.04.05"]
[EventType "swiss"]
[EventRounds "9"]
[EventCountry "SVK"]
[SourceTitle "CB16_2024"]
[SourceDate "2024.04.17"]
[SourceVersion "1"]
[SourceVersionDate "2024.04.17"]
[SourceQuality "1"]

1. e4 e6 2. b3 d5 3. Bb2 dxe4 4. Nc3 Nf6 5. Qe2 Nc6 6. Nxe4 Be7 7. 0-0-0 0-0 8. g4 e5 9. g5 Nxe4 10. Qxe4 Bxg5 11. h4 Bf4 12. Bd3 f5 13. Qc4+ Kh8 14. h5 Bh6 15. f3 Qd6 16. Nh3 Be6 17. Qh4 Nb4 18. Ng5 Nxd3+ 19. cxd3 Bd5 20. Rdg1 Rae8 21. Rh3 Qc5+ 0-1

[Event "SVK-ch U18/20"]
[Site "Tatralandia"]
[Date "2024.04.09"]
[Round "6"]
[White "Hulic, Michal"]
[Black "Sustek, Adam"]
[Result "0-1"]
[WhiteElo "1575"]
[BlackElo "1910"]
[PlyCount "82"]
[EventDate "2024.04.05"]
[EventType "swiss"]
[EventRounds "9"]
[EventCountry "SVK"]
[SourceTitle "CB16_2024"]
[SourceDate "2024.04.17"]
[SourceVersion "1"]
[SourceVersionDate "2024.04.17"]
[SourceQuality "1"]

1. e4 e6 2. d4 d5 3. exd5 exd5 4. Nf3 Bd6 5. Bd3 Ne7 6. 0-0 h6 7. Re1 0-0 8. c3 Bf5 9. Be3 Bxd3 10. Qxd3 c6 11. Nbd2 Ng6 12. Nb3 Nd7 13. Re2 b6 14. Rae1 Nf6 15. Bc1 Ne4 16. g3 Qd7 17. Nfd2 f5 18. Kg2 f4 19. Nf3 fxg3 20. hxg3 Qg4 21. Nh2 Nh4+ 22. Kg1 Qh3 23. f4 Bxf4 24. Bxf4 Rxf4 25. Qe3 Nf3+ 26. Nxf3 Qxg3+ 27. Rg2 Qxf3 28. Qxf3 Rxf3 29. Rf1 Rxf1+ 30. Kxf1 Rf8+ 31. Ke2 g5 32. Nc1 Kg7 33. Nd3 h5 34. Ne5 Rf6 35. Ke3 g4 36. Rg1 Kh6 37. Rg2 g3 38. Nf3 Kg6 39. Ne5+ Kg5 40. Nf3+ Kg4 41. Ng1 Rf2 0-1

[Event "SVK-ch U20"]
[Site "Dudince"]
[Date "2023.04.16"]
[Round "1"]
[White "Bochnicka, Vladimir1111"]
[Black "Sustek, Adam"]
[Result "1-0"]
[WhiteElo "2331"]
[BlackElo "1794"]
[PlyCount "45"]
[EventDate "2023.04.16"]
[EventType "tourn"]
[EventRounds "9"]
[EventCountry "SVK"]
[SourceTitle "CBM 213 Extra"]
[Source "ChessBase"]
[SourceDate "2023.05.31"]
[SourceVersion "1"]
[SourceVersionDate "2023.05.31"]
[SourceQuality "1"]

1. e4 e6 2. d4 d5 3. Nc3 Nf6 4. e5 Nfd7 5. f4 c5 6. Nf3 Nc6 7. Be3 Qb6 8. Qd2 Qxb2 9. Rb1 Qa3 10. Be2 cxd4 11. Nxd4 Nxd4 12. Bxd4 a6 13. f5 Bc5 14. fxe6 fxe6 15. Rb3 Qa5 16. Rf1 Bxd4 17. Qxd4 Nc5 18. Bb5+ Bd7 19. Bxd7+ Kxd7 20. Rb5 axb5 21. Qxc5 Ke8 22. Kd1 Qd8 23. Nxb5 1-0

[Event "SVK-ch U16"]
[Site "Stara Lubovna"]
[Date "2022.05.28"]
[Round "9"]
[White "Sustek, Adam"]
[Black "Papp, Gabor3333"]
[Result "1-0"]
[WhiteElo "1636"]
[BlackElo "1570"]
[PlyCount "33"]
[EventDate "2022.05.21"]
[EventType "swiss"]
[EventRounds "9"]
[EventCountry "SVK"]
[SourceTitle "CBM 208 Extra"]
[Source "ChessBase"]
[SourceDate "2022.07.31"]
[SourceVersion "1"]
[SourceVersionDate "2022.07.31"]
[SourceQuality "1"]

1. e4 e6 2. d4 d5 3. Nc3 dxe4 4. Nxe4 Nf6 5. Nxf6+ gxf6 6. Nf3 Bd6 7. Bd3 e5 8. dxe5 fxe5 9. Bg5 f6 10. Bh6 Be6 11. Nh4 Qd7 12. Qf3 Be7 13. 0-0-0 Bd5 14. Be4 c6 15. Bxd5 cxd5 16. Rxd5 Qe6 17. Nf5 1-0

[Event "SVK-ch U16"]
[Site "Stara Lubovna"]
[Date "2022.05.26"]
[Round "7"]
[White "Orgon, Patrik"]
[Black "Sustek, Adam"]
[Result "1-0"]
[WhiteElo "1721"]
[BlackElo "1636"]
[PlyCount "80"]
[EventDate "2022.05.21"]
[EventType "swiss"]
[EventRounds "9"]
[EventCountry "SVK"]
[SourceTitle "CBM 208 Extra"]
[Source "ChessBase"]
[SourceDate "2022.07.31"]
[SourceVersion "1"]
[SourceVersionDate "2022.07.31"]
[SourceQuality "1"]

1. e4 e6 2. c4 b6 3. Nc3 Bb7 4. d3 c5 5. Nge2 Nf6 6. Bg5 Be7 7. Bxf6 Bxf6 8. g3 0-0 9. Bg2 Nc6 10. 0-0 Nd4 11. Rb1 Nxe2+ 12. Nxe2 Be7 13. f4 f5 14. Nc3 d6 15. Qc2 Bf6 16. a3 Bd4+ 17. Kh1 Bxc3 18. Qxc3 a5 19. Kg1 Qd7 20. Rf2 Rfe8 21. b4 axb4 22. axb4 Bc6 23. Rfb2 Ra7 24. bxc5 bxc5 25. Rb6 Rb7 26. e5 Bxg2 27. Kxg2 Rxb6 28. Rxb6 d5 29. Rd6 d4 30. Qb2 Qa7 31. Rb6 Kf8 32. Rb7 Qa5 33. Rb5 Qa7 34. Qd2 Ra8 35. Kh3 Qa3 36. Qg2 Ra7 37. Rb8+ Kf7 38. Qc6 Re7 39. Qc8 Kg6 40. Rb7 Rxb7 1-0

[Event "SVK-ch U16"]
[Site "Stara Lubovna"]
[Date "2021.07.02"]
[Round "8"]
[White "Sustek, Adam"]
[Black "Duda, Daniel2222"]
[Result "1-0"]
[WhiteElo "1677"]
[BlackElo "1414"]
[PlyCount "79"]
[EventDate "2021.06.26"]
[EventType "swiss"]
[EventRounds "9"]
[EventCountry "SVK"]
[SourceTitle "CBM 203 Extra"]
[Source "ChessBase"]
[SourceDate "2021.09.30"]
[SourceVersion "1"]
[SourceVersionDate "2021.09.30"]
[SourceQuality "1"]

1. e4 c5 2. c3 e6 3. d4 d5 4. exd5 exd5 5. Nf3 Qb6 6. Bd3 Bg4 7. Qe2+ Qe6 8. Qxe6+ fxe6 9. Bb5+ Kd8 10. Ne5 Bh5 11. 0-0 a6 12. Ba4 Bd6 13. Bf4 cxd4 14. cxd4 Nf6 15. Nd2 Rf8 16. Rac1 h6 17. Nc6+ Nxc6 18. Bxd6 Rf7 19. Bxc6 bxc6 20. Rxc6 Rb7 21. b3 Kd7 22. Rfc1 Ne8 23. Be5 a5 24. Nb1 a4 25. Nd2 axb3 26. axb3 Ra2 27. R6c2 Rxc2 28. Rxc2 Nd6 29. h3 Bd1 30. Rc1 Bxb3 31. Bxd6 Kxd6 32. Rb1 Rb4 33. Nxb3 e5 34. dxe5+ Kxe5 35. Nd2 Rxb1+ 36. Nxb1 d4 37. Kf1 Ke4 38. Ke2 g5 39. Nd2+ Kd5 40. Kd3 1-0

[Event "SVK League Cup 1st"]
[Site "Tornelo INT"]
[Date "2021.03.28"]
[Round "2"]
[White "Sustek, Adam"]
[Black "Rucek, Kristian"]
[Result "0-1"]
[WhiteElo "1677"]
[BlackElo "1944"]
[PlyCount "77"]
[EventDate "2021.03.27"]
[EventType "swiss"]
[EventRounds "8"]
[EventCountry "SVK"]
[SourceTitle "EXT 2022"]
[Source "ChessBase"]
[SourceDate "2021.10.06"]
[SourceVersion "1"]
[SourceVersionDate "2021.10.06"]
[SourceQuality "1"]

1. e4 e6 2. d4 d5 3. exd5 exd5 4. Bd3 c5 5. dxc5 Bxc5 6. Nc3 Nf6 7. Nf3 0-0 8. 0-0 h6 9. h3 Qd6 10. Re1 Nc6 11. Be3 a6 12. Bxc5 Qxc5 13. Qd2 Nb4 14. Re5 Be6 15. a3 Nc6 16. Re2 Rac8 17. b4 Qd6 18. Na4 Nd7 19. Rd1 b5 20. Nc3 Nb6 21. Qe1 Rfd8 22. Nh4 Ne7 23. Nf3 Qc7 24. Nb1 Nc6 25. c3 Na4 26. Nd4 Nxd4 27. cxd4 Qf4 28. Rc2 Rxc2 29. Bxc2 Nb2 30. Rd2 Nc4 31. Rd1 Rc8 32. Bb3 Qg5 33. Kh1 Qf4 34. Nd2 Nb2 35. Rc1 Rxc1 36. Qxc1 Nd3 37. Qf1 Qxd2 38. f3 Kf8 39. Kh2 0-1

[Event "SVK-ch U14"]
[Site "Lubovna"]
[Date "2020.08.19"]
[Round "6"]
[White "Kostolansky, Sebastian Lukas"]
[Black "Sustek, Adam"]
[Result "1-0"]
[WhiteElo "2402"]
[BlackElo "1647"]
[PlyCount "53"]
[EventDate "2020.08.15"]
[EventType "swiss"]
[EventRounds "9"]
[EventCountry "SVK"]
[SourceTitle "EXT 2021"]
[Source "ChessBase"]
[SourceDate "2020.10.23"]
[SourceVersion "1"]
[SourceVersionDate "2020.10.23"]
[SourceQuality "1"]

1. e4 e6 2. d4 d5 3. Nd2 Nf6 4. e5 Nfd7 5. c3 c5 6. f4 Nc6 7. Ndf3 Qb6 8. g3 cxd4 9. cxd4 Bb4+ 10. Kf2 f6 11. Kg2 0-0 12. Bd3 f5 13. Ne2 Qd8 14. Rg1 Kh8 15. Kh1 Rg8 16. g4 g6 17. Qf1 Be7 18. Bd2 b6 19. Qh3 Bb7 20. gxf5 gxf5 21. Qh6 Qf8 22. Qxe6 Rd8 23. Rxg8+ Qxg8 24. Qxf5 Nf8 25. Rg1 Qe6 26. Qh5 Bc8 27. f5 1-0

[Event "SVK-ch U14"]
[Site "Liptovsky Mikulas"]
[Date "2019.04.24"]
[Round "3"]
[White "Petrek, Dominik"]
[Black "Sustek, Adam"]
[Result "1-0"]
[WhiteElo "1737"]
[BlackElo "1464"]
[PlyCount "95"]
[EventDate "2019.04.23"]
[EventType "swiss"]
[EventRounds "9"]
[EventCountry "SVK"]
[SourceTitle "CBM 190 Extra"]
[Source "ChessBase"]
[SourceDate "2019.07.15"]
[SourceVersion "1"]
[SourceVersionDate "2019.07.15"]
[SourceQuality "1"]

1. d4 e6 2. e4 d5 3. Nc3 Be7 4. Nf3 c5 5. exd5 cxd4 6. Bb5+ Bd7 7. Nxd4 Bxb5 8. Ndxb5 a6 9. d6 axb5 10. dxe7 Qxe7 11. Nxb5 Qb4+ 12. Nc3 Nc6 13. 0-0 Nf6 14. a3 Qe7 15. Be3 0-0 16. Qe2 Rfd8 17. Bb6 Rd7 18. Rad1 h6 19. Rd2 Rxd2 20. Qxd2 Nd7 21. Bc7 Rc8 22. Bd6 Qf6 23. Rd1 Nde5 24. Qe2 Ng6 25. Qb5 Nge7 26. Qxb7 Rd8 27. a4 Qg5 28. a5 Qxa5 29. Qb5 Qxb5 30. Nxb5 Nd5 31. Bg3 Ra8 32. Nc7 Nxc7 33. Bxc7 Ra2 34. Rb1 Nb4 35. c3 Nd3 36. b4 Ra7 37. Bg3 f6 38. Kf1 e5 39. Ke2 Nf4+ 40. Bxf4 exf4 41. b5 Kf7 42. Kf3 g5 43. c4 Ke7 44. Ke4 Ke6 45. Rb2 f5+ 46. Kd4 g4 47. b6 Rb7 48. c5 1-0

[Event "EU Union-ch U12"]
[Site "Kouty nad Desnou"]
[Date "2018.08.14"]
[Round "8"]
[White "Sustek, Adam"]
[Black "Paluska, Karol"]
[Result "1/2-1/2"]
[WhiteElo "1472"]
[BlackElo "1421"]
[PlyCount "50"]
[EventDate "2018.08.07"]
[EventType "swiss"]
[EventRounds "9"]
[EventCountry "CZE"]
[SourceTitle "CBM 186 Extra"]
[Source "ChessBase"]
[SourceDate "2018.08.24"]
[SourceVersion "1"]
[SourceVersionDate "2018.08.24"]
[SourceQuality "1"]

1. c4 e5 2. d3 Nf6 3. Nc3 Bc5 4. Bg5 b6 5. Nf3 Nc6 6. g3 h6 7. Bxf6 Qxf6 8. Bg2 Bb4 9. Qb3 0-0 10. 0-0 Bxc3 11. Qxc3 Rb8 12. Rac1 Bb7 13. c5 Qe7 14. cxb6 cxb6 15. Qd2 f5 16. Rc3 Kh7 17. Rfc1 Qf7 18. Ne1 Qxa2 19. Ra3 Qe6 20. Bxc6 Bxc6 21. Rxa7 Qd5 22. Nf3 Kh8 23. Qe3 Rfe8 24. h4 Re6 25. Qd2 Ree8 1/2-1/2

[Event "EU Union-ch U12"]
[Site "Kouty nad Desnou"]
[Date "2018.08.11"]
[Round "5"]
[White "Sustek, Adam"]
[Black "Jurky, Marian"]
[Result "1/2-1/2"]
[WhiteElo "1472"]
[BlackElo "1303"]
[PlyCount "93"]
[EventDate "2018.08.07"]
[EventType "swiss"]
[EventRounds "9"]
[EventCountry "CZE"]
[SourceTitle "CBM 186 Extra"]
[Source "ChessBase"]
[SourceDate "2018.08.24"]
[SourceVersion "1"]
[SourceVersionDate "2018.08.24"]
[SourceQuality "1"]

1. e4 e5 2. Nf3 Nf6 3. Nc3 Nc6 4. Bc4 Bb4 5. d3 0-0 6. 0-0 d6 7. h3 h6 8. Be3 Be6 9. Bb3 Qd7 10. a3 Ba5 11. Qe2 Ne7 12. Bxe6 Qxe6 13. b4 Bb6 14. d4 exd4 15. Bxd4 Bxd4 16. Nxd4 Qd7 17. Rfe1 Ng6 18. Qd2 Rfe8 19. Re2 d5 20. Nf3 dxe4 21. Nxe4 Qxd2 22. Nxf6+ gxf6 23. Rxd2 Rad8 24. Rad1 Rxd2 25. Rxd2 Kf8 26. Kf1 Ke7 27. Nd4 h5 28. Nf5+ Kf8 29. Rd7 Rc8 30. Ng3 Ne5 31. Rd4 c5 32. bxc5 Rxc5 33. Nxh5 Nc6 34. Nxf6 Kg7 35. Ne4 Nxd4 36. Nxc5 Nxc2 37. Nxb7 Nxa3 38. Na5 Nb5 39. g4 Nd4 40. Kg2 Ne6 41. Kg3 Kh6 42. h4 f6 43. f4 Ng7 44. g5+ Kg6 45. Kg4 f5+ 46. Kg3 Nh5+ 47. Kf3 1/2-1/2

[Event "EU Union-ch U12"]
[Site "Kouty nad Desnou"]
[Date "2018.08.07"]
[Round "1"]
[White "Sustek, Adam"]
[Black "Nedelcu, Teodor Cosmin"]
[Result "0-1"]
[WhiteElo "1472"]
[BlackElo "1841"]
[PlyCount "98"]
[EventDate "2018.08.07"]
[EventType "swiss"]
[EventRounds "9"]
[EventCountry "CZE"]
[SourceTitle "CBM 186 Extra"]
[Source "ChessBase"]
[SourceDate "2018.08.24"]
[SourceVersion "1"]
[SourceVersionDate "2018.08.24"]
[SourceQuality "1"]

1. e4 c5 2. c3 Nf6 3. e5 Nd5 4. d4 cxd4 5. cxd4 e6 6. Nf3 d6 7. Bc4 Nb6 8. Bb5+ Bd7 9. Bxd7+ Qxd7 10. 0-0 Nc6 11. Nc3 dxe5 12. dxe5 Qxd1 13. Rxd1 Be7 14. b3 0-0 15. Be3 Bb4 16. Nb5 Nd5 17. Bd2 Be7 18. Nc3 Ndb4 19. Nb5 Nd5 20. Nc3 Rfd8 21. Nxd5 Rxd5 22. Be3 Rad8 23. Rxd5 Rxd5 24. Rc1 Ba3 25. Rb1 a5 26. Bf4 h6 27. h4 Nb4 28. Bd2 Nd3 29. Bc3 Bc5 30. Be1 Nxe5 31. Nxe5 Rxe5 32. Rc1 b6 33. Kf1 g5 34. hxg5 hxg5 35. Bc3 Rf5 36. Rc2 g4 37. Re2 Kf8 38. Rd2 Ke7 39. Bd4 Bxd4 40. Rxd4 g3 41. f3 Rd5 42. Rg4 Rd2 43. Rxg3 Rxa2 44. Rg5 Kd6 45. b4 a4 46. Ke1 Rb2 47. Kd1 a3 48. Kc1 Rxb4 49. Rg8 a2 0-1

[Event "SVK-ch U12"]
[Site "Liptovsky Mikulas"]
[Date "2018.04.25"]
[Round "7"]
[White "Zacik, Tibor Gregor"]
[Black "Sustek, Adam"]
[Result "1-0"]
[WhiteElo "1179"]
[BlackElo "1590"]
[PlyCount "113"]
[EventDate "2018.04.21"]
[EventType "swiss"]
[EventRounds "9"]
[EventCountry "SVK"]
[SourceTitle "CBM 184 Extra"]
[Source "ChessBase"]
[SourceDate "2018.06.28"]
[SourceVersion "1"]
[SourceVersionDate "2018.06.28"]
[SourceQuality "1"]

1. e4 e6 2. d4 d5 3. exd5 exd5 4. Bd3 Bd6 5. c3 Ne7 6. Ne2 Bf5 7. Bxf5 Nxf5 8. Qb3 Qc8 9. Qxd5 0-0 10. 0-0 Re8 11. Re1 Nc6 12. Qf3 Qd7 13. Nd2 Re7 14. Nc4 Rae8 15. Bd2 Nh4 16. Qh5 Ng6 17. Nxd6 Qxd6 18. Ng3 Nf4 19. Rxe7 Rxe7 20. Bxf4 Qxf4 21. Qb5 Nd8 22. Qd5 Nc6 23. Qf5 Qxf5 24. Nxf5 Re2 25. Rb1 Re8 26. f3 g6 27. Ng3 f5 28. Kf2 Kf7 29. Re1 Rxe1 30. Kxe1 Ke6 31. Nf1 Na5 32. Nd2 Kd5 33. b3 b6 34. Ke2 Nb7 35. g3 c5 36. dxc5 Nxc5 37. Ke3 Ne6 38. h4 h6 39. f4 b5 40. c4+ bxc4 41. Nxc4 Nc5 42. Ne5 Ne4 43. g4 fxg4 44. Nxg4 g5 45. fxg5 hxg5 46. h5 Nd6 47. h6 Nf7 48. h7 Ke6 49. a4 Kd5 50. b4 Nh8 51. b5 Kc5 52. Ke4 Kb4 53. Kf5 Kxa4 54. Kf6 Kxb5 55. Kg7 a5 56. Kxh8 a4 57. Kg8 1-0

[Event "SVK-ch U12"]
[Site "Liptovsky Mikulas"]
[Date "2018.04.24"]
[Round "6"]
[White "Sustek, Adam"]
[Black "Stevik, Patrik1111"]
[Result "0-1"]
[WhiteElo "1590"]
[BlackElo "1713"]
[PlyCount "72"]
[EventDate "2018.04.21"]
[EventType "swiss"]
[EventRounds "9"]
[EventCountry "SVK"]
[SourceTitle "CBM 184 Extra"]
[Source "ChessBase"]
[SourceDate "2018.06.28"]
[SourceVersion "1"]
[SourceVersionDate "2018.06.28"]
[SourceQuality "1"]

1. e4 e5 2. Nf3 Nc6 3. Bc4 Nf6 4. d3 Be7 5. c3 0-0 6. 0-0 d5 7. exd5 Nxd5 8. Re1 Bg4 9. h3 Bh5 10. g4 Bg6 11. Nxe5 Nxe5 12. Rxe5 Nb6 13. Re1 Nxc4 14. dxc4 Bd6 15. Qf3 f5 16. Nd2 fxg4 17. Qxg4 Rf4 18. Qg2 Bh5 19. Qd5+ Bf7 20. Qxb7 Rh4 21. Qg2 Qc8 22. Re3 Bf4 23. Re4 Bg6 24. Rd4 c5 25. Rd7 Qxd7 26. Qxa8+ Kf7 27. Qd5+ Qxd5 28. cxd5 Rxh3 29. c4 Bd3 30. Kg2 Rh2+ 31. Kg1 Rh5 32. Nf3 Bd6 33. b3 Rf5 34. Kg2 Be4 35. Kf1 Bxf3 36. Be3 Rh5 0-1